000 00838ntaaa2200265 4500
003 01
005 20251027203209.0
008 0714s1973 ag 01
020 _a9879403665
040 _aAR-BaBN
_bspa
_cAR-BaBN
_eaacr
_dRIC
082 _a269.2 P13f
100 _aPadilla, C. René
_9714
245 _aLa fuerza del Espíritu en la Evangelización /
_cC. René Padilla,
250 _a1 ed.
260 _aBuenos Aires :
_bKairos ediciones,
_c2006
300 _a288 p. ;
_cIlust; 20 cm
500 _aContiene notas y referencias bibliográficasRecoge ponencias presentadas en CLADE IV (Quito, septiembre de 2000)
650 _aBIBLIA-NUEVO TESTAMENTO-HECHOS DE LOS APOSTOLES
650 _aESPIRITUALIDAD
650 _aMISION
_918649
650 _aEVANGELIZACION
650 _aIGLESIA
650 _aESPIRITU SANTO
942 _cBK
999 _c27411
_d27411